The benefits of trade and investment liberalization and facilitation in APEC
Gardado en:
| Autor Corporativo: | |
|---|---|
| Formato: | Libro |
| Idioma: | inglés |
| Publicado: |
Singapur
APEC
2002
|
| Subjects: | |
| Tags: |
Engadir etiqueta
Sen Etiquetas, Sexa o primeiro en etiquetar este rexistro!
|
MARC
| LEADER | 00000nam a2200000 a 4500 | ||
|---|---|---|---|
| 001 | UCG2644 | ||
| 003 | CL-VaPUC | ||
| 008 | 100715e20020000SI |||||||||||||||||eng|d | ||
| 082 | 0 | 4 | |a 337.1 |b APE |2 21 |
| 110 | 2 | |a APEC |e author |9 551153 | |
| 245 | 1 | 4 | |a The benefits of trade and investment liberalization and facilitation in APEC |
| 300 | |a 115 p | ||
| 942 | |c BK | ||
| 945 | |d 20100715 00:00:00 |a mfarfan | ||
| 260 | |a Singapur |b APEC |c 2002 | ||
| 600 | 0 | 7 | |a APEC |2 CL-VaPUC |9 551153 |
| 650 | 0 | |a Economía internacional |9 258254 | |
| 650 | 0 | |a Integración económica |9 255024 | |
| 650 | 7 | |a RELACIONES COMERCIALES |2 CL-VaPUC |9 322074 | |
| 650 | 0 | |a Mercado internacional |9 337380 | |
| 650 | 7 | |a COMERCIO INTERNACIONAL |2 CL-VaPUC |9 551154 | |
| 650 | 0 | |a Cooperación internacional |9 255447 | |
| 650 | 7 | |a ORGANISMOS INTERNACIONALES |2 CL-VaPUC |9 255448 | |
| 583 | |a last modification |c 20130422 11:20:50 |k Rodrigo Vera | ||
| 999 | |c 341774 |d 341772 | ||
| 952 | |0 0 |1 0 |4 0 |6 337_100000000000000_APE_2002 |7 0 |8 A |9 437516 |a BIBGIM |b BIBGIM |d 2019-11-22 |i 4692616 |o 337.1 APE 2002 |p 4692616 |r 2025-01-15 |w 2019-11-22 |y BK |k ORI | ||